Advanced strength of materials (Record no. 6074)

000 -LEADER
fixed length control field 00525nam a2200193 4500
001 - CONTROL NUMBER
control field 6074
003 - CONTROL NUMBER IDENTIFIER
control field BD-DhHUET
008 - FIXED-LENGTH DATA ELEMENTS--GENERAL INFORMATION
fixed length control field 790809s1952 nyua 001 0 eng
020 ## - INTERNATIONAL STANDARD BOOK NUMBER
International Standard Book Number 070164002
040 ## - CATALOGING SOURCE
Original cataloging agency DLC
Transcribing agency DLC
Modifying agency BD-DhHUET
082 ## - DEWEY DECIMAL CLASSIFICATION NUMBER
Classification number 620.11
Item number DEN/1952
100 1# - MAIN ENTRY--PERSONAL NAME
Personal name Den Hartog, J. P.
245 10 - TITLE STATEMENT
Title Advanced strength of materials
Statement of responsibility, etc. by Den Hartog, J. P.
250 ## - EDITION STATEMENT
Edition statement 1st ed.
260 ## - PUBLICATION, DISTRIBUTION, ETC. (IMPRINT)
Place of publication, distribution, etc. New York
Name of publisher, distributor, etc. McGraw-Hill
Date of publication, distribution, etc. 1952
300 ## - PHYSICAL DESCRIPTION
Extent ix,379 p.
Other physical details illus.
Dimensions 24 cm.
650 #0 - SUBJECT ADDED ENTRY--TOPICAL TERM
Topical term or geographic name as entry element Strength of materials: engineering
942 ## - ADDED ENTRY ELEMENTS (KOHA)
Koha item type General Book
Holdings
Location (home branch) Sublocation or collection (holding branch) Koha item type Piece designation (barcode) Source of classification or shelving scheme Shelving location Date acquired Price effective from Koha date last seen Lost status Withdrawn status Koha normalized classification for sorting Not for loan Damaged status Koha full call number Copy number
Central Library, BUETCentral Library, BUETGeneral Book87925 Circulation section2014-11-302014-11-302014-11-30  620_000000000000000_11DEN1952  620.11/DEN/19521
Central Library, BUETCentral Library, BUETGeneral Book29906 Circulation section2015-04-232015-04-232015-04-23  620_110000000000000_DEN_1952  620.11/DEN/19522
Central Library, BUETCentral Library, BUETGeneral Book29901 Circulation section2015-04-232015-04-232015-04-23  620_110000000000000_DEN_1952  620.11/DEN/19523
Central Library, BUETCentral Library, BUETGeneral Book34760 Circulation section2015-04-232015-04-232015-04-23  620_110000000000000_DEN_1952  620.11/DEN/19524
Central Library, BUETCentral Library, BUETGeneral Book29903 Circulation section2015-04-232015-04-232015-04-23  620_110000000000000_DEN_1952  620.11/DEN/19525
Central Library, BUETCentral Library, BUETGeneral Book34761 Circulation section2015-04-232015-04-232015-04-23  620_110000000000000_DEN_1952  620.11/DEN/19526
Central Library, BUETCentral Library, BUETGeneral Book29908 Circulation section2015-04-232015-04-232015-04-23  620_110000000000000_DEN_1952  620.11/DEN/19527
Central Library, BUETCentral Library, BUETGeneral Book29905 Circulation section2015-04-232015-04-232015-04-23  620_110000000000000_DEN_1952  620.11/DEN/19528
Central Library, BUETCentral Library, BUETGeneral Book29904 Circulation section2015-04-232015-04-232015-04-23  620_110000000000000_DEN_1952  620.11/DEN/19529
Central Library, BUETCentral Library, BUETGeneral Book34762 Circulation section2015-04-252015-04-252015-04-25  620_110000000000000_DEN_1952  620.11/DEN/195210
Central Library, BUETCentral Library, BUETGeneral Book29907 Circulation section2015-04-252015-04-252015-04-25  620_110000000000000_DEN_1952  620.11/DEN/195211